Presidential rhetoric and the public agenda (Registro nro. 184557)
[ vista simple ]
| 000 -ENCABEZADO | |
|---|---|
| Número de control [NR] | 01538cam a2200253Ma 4500 |
| 005 - FECHA Y HORA DE LA ÚLTIMA TRANSACCIÓN | |
| control field | 20140903175026.0 |
| 008 - DE LONGITUD FIJA DE DATOS DE ELEMENTOS - INFORMACIÓN GENERAL | |
| Elementos de longitud fija [NR] | 081210s2009 xxuad frn 001 0deng d |
| 020 ## - NUMERO INTERNACIONAL NORMALIZADO PARA LIBROS [R] | |
| Número Internacional Normalizado del libro [NR] | 9780801893469 |
| 040 ## - FUENTE DE CATALOGACION [NR] | |
| Agencia de catalogación original [NR] | Co-BoUCM |
| Idioma de catalogación [NR] | spa |
| Quien Cataloga | |
| Quien Clasifica | Aldemar Mondragón |
| 041 0# - CODIGO DE IDIOMA [R] | |
| Código de idioma para texto/pista de sonido o título separado [R] | Inglés |
| 100 1# - ASIENTO PRINCIPAL--NOMBRE PERSONAL [NR] | |
| Nombre personal [NR] | Whitford, Andrew B. |
| ID Autoridad | 55846 |
| 245 10 - MENCION DE TITULO [NR] | |
| Título [NR] | Presidential rhetoric and the public agenda |
| Parte restante del título [NR] | constructing the war on drugs |
| Mención de responsabilidad, etc. [NR] | Andrew B. Whitford y Jeff Yates |
| 260 ## - PUBLICACION, DISTRIBUCION, ETC. (PIE DE IMPRENTA) [R] | |
| Lugar de publicación, distribución, etc. [R] | Baltimore (Maryland, Estados Unidos) |
| Nombre del editor, distribuidor, etc. [R] | Johns Hopkins University Press |
| Fecha de publicación, distribución, etc. [R] | 2009 |
| 300 ## - DESCRIPCION FISICA [R] | |
| Extensión [R] | xii, 217 páginas |
| Otros detalles físicos [NR] | ilustraciones y gráficas |
| 504 ## - NOTA DE BIBLIOGRAFIA, ETC. [R] | |
| Nota de bibliografía, etc. [NR] | Incluye referencias bibliográficas e índices |
| 505 0# - NOTA DE CONTENIDO CON FORMATO PREESTABLECIDO [R] | |
| Nota de contenido con formato preestablecido [NR] | Presidential leadership and policy construction -- Presidential rhetoric as policy leadership -- A presidential history of the war on drugs -- The words of war : political rhetoric and the war on drugs -- Presidential policy leadership and federal enforcement : the Drug Enforcement Administration -- For the people : the U.S. attorneys and executive signals on prosecutorial priorities -- Taking it to the states : the boundaries of presidential influence and state drug enforcement -- The social construction of presidential agenda setting. |
| 650 #7 - ASIENTO SECUNDARIO DE MATERIA - TERMINO TEMATICO [R] | |
| Término temático o nombre geográfico como elemento de entrada [NR] | Control de drogas |
| Subdivisión geográfica [R] | Estadops Unidos |
| 9 (RLIN) | 50317 |
| 650 #7 - ASIENTO SECUNDARIO DE MATERIA - TERMINO TEMATICO [R] | |
| Término temático o nombre geográfico como elemento de entrada [NR] | Presidentes |
| Subdivisión geográfica [R] | Estados Unidos |
| 9 (RLIN) | 55847 |
| 650 #7 - ASIENTO SECUNDARIO DE MATERIA - TERMINO TEMATICO [R] | |
| Término temático o nombre geográfico como elemento de entrada [NR] | Retórica |
| Subdivisión geográfica [R] | Estados Unidos |
| 9 (RLIN) | 55848 |
| 690 ## - ASUNTO AGREGADO LOCAL DE ENTRADA - TÉRMINO TEMÁTICO (OCLC, RLIN) | |
| 9 (RLIN) | 42914 |
| Acceso temático local | Sociología |
| 700 1# - ASIENTO SECUNDARIO - NOMBRE PERSONAL [R] | |
| Nombre personal [NR] | Yates, Jeff, |
| Fechas asociadas con el nombre [NR] | 1965- |
| 9 (RLIN) | 55851 |
| 942 ## - ELEMENTOS DE ENTRADA AGREGADOS (KOHA) | |
| Tema principal | Sociología |
| Tipo de ítem principal el descrito en 300a | Libro |
| Edición | 1 |
| Parte restante de la signatura top. | W595p |
| Sistema de clasificación | DEWEY |
| Clasificación | 363.450973 |
| Total préstamos | Signatura topográfica | Código de barras | Última vez visto | Ejemplar | Costo de reposición | Price effective from | Tipo de ítem | Perdido | Sistema de clasificación | Dañado | No prestable | Tipo de ítem específico | Suprimido | Ubicación habitual | Ubicación actual | Localización | Fecha de creación | Proveedor | Forma de adquisición | Costo |
|---|---|---|---|---|---|---|---|---|---|---|---|---|---|---|---|---|---|---|---|---|
| 363.450973 W595p | 100140144 | 09/12/2025 | Ej.1 | 103800.00 | 15/01/2014 | Libro | DEWEY | Libro | Claustro | Claustro | 2do piso | 15/01/2014 | 15 | Compra | 103800.00 |